Online
Catalog

El imperialismo, fase superior del capitalismo (esbozo popular) / (Record no. 13813)

MARC details
000 -CABECERA
campo de control de longitud fija 00591cam a2200193 a 4500
001 - NÚMERO DE CONTROL
campo de control 000014214
005 - FECHA Y HORA DE LA ÚLTIMA TRANSACCIÓN
campo de control 20240527201742.0
008 - DATOS DE LONGITUD FIJA--INFORMACIÓN GENERAL
campo de control de longitud fija 050304s1941 ru 000 0 spa
040 ## - FUENTE DE LA CATALOGACIÓN
Centro catalogador/agencia de origen DO-SdBNP
Lengua de catalogación spa
Centro/agencia transcriptor LC
Centro/agencia modificador BNPHU
082 ## - NÚMERO DE LA CLASIFICACIÓN DECIMAL DEWEY
Número de clasificación 330.122
Número de documento/Ítem L566i
049 ## - FONDOS LOCALES (OCLC)
Fondos de biblioteca BNGR
100 1# - ENTRADA PRINCIPAL--NOMBRE DE PERSONA
Nombre de persona Lenin, Vladimir Ilich,
Fechas asociadas al nombre 1870-1924.
9 (RLIN) 32113
245 13 - MENCIÓN DE TÍTULO
Título El imperialismo, fase superior del capitalismo (esbozo popular) /
Mención de responsabilidad, etc. V. I. Lenin.
260 ## - PUBLICACIÓN, DISTRIBUCIÓN, ETC.
Lugar de publicación, distribución, etc. Moscú :
Nombre del editor, distribuidor, etc. Progreso,
Fecha de publicación, distribución, etc. [1941].
300 ## - DESCRIPCIÓN FÍSICA
Extensión 130 p. ;
Dimensiones 22 cm.
650 #0 - PUNTO DE ACCESO ADICIONAL DE MATERIA--TÉRMINO DE MATERIA
Término de materia o nombre geográfico como elemento de entrada Imperialismo
9 (RLIN) 1499
650 #0 - PUNTO DE ACCESO ADICIONAL DE MATERIA--TÉRMINO DE MATERIA
Término de materia o nombre geográfico como elemento de entrada Capitalismo
9 (RLIN) 280
910 ## - DATOS DE OPCIÓN DEL USUARIO (OCLC)
Datos de opción del usuario Catalogación derivada
Holdings
Estado de retiro Estado de pérdida Restricciones de uso No para préstamo Código de colección Localización permanente Ubicación/localización actual Ubicación en estantería Fecha de adquisición Número de inventario Total de préstamos Signatura topográfica completa Código de barras Fecha visto por última vez Precio válido a partir de Tipo de ítem Koha
    Préstamo interno   Monografías: Libros y Folletos General General En catalogación 07.12.2009 LF1   330.122 L566i 14214-10 25.06.2020 25.06.2020 Préstamo interno

Powered by Koha